00184 a2200073 450000100060000010000050000624500830001126000160009456697 a aABC, words and pictures, dinosaurs, match nos, guide for parents and teachers, aUSAbElekc